00702nam a2200193 a 450000100100000000500170001000800410002704000250006808200130009324500940010626000460020030000200024649000290026659000270029571000240032283000340034695201110038099900170049100004031620201002034043.0130821s1982 ag 000 0 spa d aDO-SdBNPbspacBNPHU axxxbxxx00aAguas refrescantes :bmeditaciones diarias, seleccionadas del ministerio de Nee To-Sheng. aBuenos Aires, Argentina :bHebron,c1982. a[250] ;c20 cm.1 aMeditaciones diarías ; aInventariado, 2019/ YL2 aNee To-Sheng966603 0aMeditaciones diarías966604 001050718MOaGRbGRcCTd2013-08-21iLF1l0oxxx xxxp40316-10r2020-06-25w2020-06-25y1ZNo se presta c39806d39806